Регионална библиотека "Любен Каравелов" - Русе

Теория на възпитанието (Запис номер 28945)

MARC детайли
000 -Лидер
Контролно поле с фиксирана дължина 01573nam a2200337 c 4500
003 - Код на организацията, давaща контролен номер
Контролно поле BLK
005 - Дата и час на последна редакция
Контролно поле 20180422095821.0
008 - Елементи от данни с фиксирана дължина
fixed length control field 180407b bul|||||r ||||||| ||bul||
010 ## - Наследен системен номер
LC control number KNG00031549000
020 ## - Международен стандартен номер на книга ISBN
Международен стандартен номер на книга ISBN 954- 8542-17-Х
-- издат.: Аскони-Издат
040 ## - Източник на каталожния запис
Идентификатор на билиотеката - собственик на записа BLK
041 ## - Код за език
Код за езика на текст/звукозапис или на отделно заглавие Български
Код за езика КДБФ Български
080 ## - УДК
Текстов определител УДК Възпитание. Образование. Просвета. Организация на свободното време. Вж и 003;021. 3;159. 9;612;613;727
УДК код - определител по УДК 37
УДК определител .013(075.8)
УДК - код + определител 37.013(075.8)
139 ## - Редно поле
Редна дума Теория на възпитанието
Авторски знак Тео - Т 49
245 10 - Сведения за заглавието
Заглавие Теория на възпитанието
Подзаглавни данни Учебник за студенти по педагогика
Редно поле (дума) състав. Любен Димитров.
250 ## - Област на изданието
Сведения за изданието 3. изд.
257 ## - Страна на издаване
Страна на създаване/издаване България
260 ## - Област на издателските данни
-- София
Име на издателя, разпространителя и проч. Аскони-Издат
Година на издаване 2000
300 ## - Физическа характеристика
Страници 534 с.
Размери/Мащаб 23 см
380 ## - Жанр
Жанр Обществени науки
500 ## - Общи забележки
Забележка Други авт.: Жечо Атанасов, Стефан Чернев, Георги Бижков, Емилия Рангелова, Симеонка Бъчева, Атанас Попов, Гинка Димитрова, Любомир Попов, Вяра Гюрова.
650 #4 - Допълнително описание по предмет – тема
Основно описание – тема или топоним Възпитание - теория - учебници за ВУЗ
9 (RLIN) 249064
653 ## - Ключова дума – ненормативна
Ключова дума възпитание
653 ## - Ключова дума – ненормативна
Ключова дума учебници за ВУЗ
700 1# - Други автори (авторска отговорност)
Лично име Димитров, Любен
Автороска отговорност (Описва отношението между автора и произведението) състав.
9 (RLIN) 366211
852 ## - Местоположение
Форматна сигнатура Цб 204373
856 4# - Електронен адрес и достъп
Електронен формат pdf - файл
Път до файла /url/
856 4# - Електронен адрес и достъп
Електронен формат pdf - файл
Път до файла /url/
942 ## - АРТИКУЛИ
Вид на библиотечния материал Книги
Скрит в OPAC Не
944 ## - СЪЗДАВАНЕ И РЕДАКЦИЯ на ЗАПИСА
Създаване/Редакция Създаване
Дата на регистрацията/редакция 15.01.2003
Служител, извършил регистрацията/редакцията Милена_Ачева
944 ## - СЪЗДАВАНЕ И РЕДАКЦИЯ на ЗАПИСА
Създаване/Редакция Редакция
Дата на регистрацията/редакция 22.03.2014
Служител, извършил регистрацията/редакцията
999 ## - СИСТЕМНИ КОНТРОЛНИ НОМЕРА
Koha biblionumber 28945
Koha biblioitemnumber 28945
Наличности
Код за отписване Код за изгубен артикул Код за повреда Коз за рестрикции Код за отдаване Артикулен № Име на библиотеката - собственик Име на библиотеката, в която се намира в момента Статус (Текущо местоположение) Дата на вписване в системата Местоположение - отдел Цена в лева Инвентарен номер Систематично азбучна сигнатура Баркод Номер на екземпляра Цена в евро Служебна бележка Служебен тип на артикула
  Не е изгубен Не е повреден без рестрикции ползва се в читалня 46525 Регионална библиотека "Любен Каравелов" Русе Регионална библиотека "Любен Каравелов" Русе Хранилище 2001-11-27 Основен фонд - ползва се само за читалня 14.00 668297 Цб 204373 668297 1 7.16 Дост: Pk Вид: Ф N: 6565 Дата: 27.11.2001 Книги
Vip Innovations Ltd, Rousse, Bulgaria 2025